Statistics for Philadelphia 76ers: Most Dunks Each Year

Click here to take the quiz!

General Stats

  • This quiz has been taken 230 times
    (69 since last reset)
  • The average score is 12 of 22

Answer Stats

YearPlayerDunks% Correct
2021-2022Joel Embiid75
99%
2021-2022Joel Embiid74
99%
2019-2020Ben Simmons102
78%
2018-2019Ben Simmons133
78%
2020-2021Ben Simmons / Dwight Howard85
78%
2017-2018Ben Simmons148
76%
2004-2005Andre Iguodala122
60%
2005-2006Andre Iguodala129
60%
2006-2007Andre Iguodala120
60%
2007-2008Andre Iguodala141
60%
2008-2009Andre Iguodala153
60%
2009-2010Andre Iguodala122
60%
2010-2011Andre Iguodala102
60%
2011-2012Andre Iguodala70
60%
2001-2002Dikembe Mutombo40
52%
2015-2016Nerlens Noel151
33%
2014-2015Nerlens Noel118
33%
2013-2014Thaddeus Young57
18%
2012-2013Thaddeus Young82
18%
2003-2004Samuel Dalembert123
12%
2002-2003Keith Van Horn55
3%
2016-2017Richaun Holmes92
3%

Score Distribution

Percentile by Number Answered

Percent of People with Each Score

Your Score History

You have not taken this quiz since the last reset